| 000 | 02009ncm0a2200385 4500 | ||
|---|---|---|---|
| 001 | RU\NLR\ONIZ\265321 | ||
| 005 | 20250625072710.0 | ||
| 010 | _a978-5-00118-495-9 | ||
| 021 |
_aRU _b2020-000420 _92020-НО-П-28 |
||
| 035 | _a(NLR Aleph) 021978144 | ||
| 090 |
_a12389652 _c12389652 |
||
| 100 | _a20220202d2020 |||y0rusy50 ca | ||
| 101 | 0 | _arus | |
| 102 | _aRU | ||
| 125 | _azx | ||
| 128 | _asol | ||
| 145 | 0 | _au | |
| 200 | 1 |
_aАктуальное сольфеджио _bНоты _e6-7-е классы _eучебно-методическое пособие для ДМШ и ДШИ _fС. И. Данилкина |
|
| 203 |
_aМузыка _bзнаковая _bвизуальная _cнепосредственная |
||
| 210 |
_aКазань _cБук _d2020 |
||
| 215 |
_a33, [1] с. _cил. _d29 см |
||
| 313 | _aСистематизация документа проведена по изданию - Методика классифицирования музыкальных произведений (нотных изданий) по таблицам Библиотечно-библиографических классификаций : метод. рекомендации / Гос. б-ка СССР им. В.И. Ленина.- М., 1977. Индексу ББК методических рекомендаций присваивается код ББК для научных библиотек - LBC/SL | ||
| 606 | 1 |
_xУчебные издания _aСольфеджио _yРоссия _z20-21 вв. _jНоты _2nlr_sh |
|
| 686 | 0 | _aЩ907.11 (2Р=Р) | |
| 700 | 1 |
_9z01790 _aДанилкина _bС. И. _gСветлана Игоревна _4070 _7ca |
|
| 790 | 1 |
_9z01700 _aDanilkina _bS. I. _gSvetlana Igorevna _4070 _7ba |
|
| 801 | 0 |
_aRU _bNLR _c20220202 _gPSBO |
|
| 801 | 1 |
_aRU _bNLR _c20220202 _2rusmarc |
|
| 801 | 2 |
_aRU _bNLR _c20230611 |
|
| 852 |
_aNLR _bМ _jК-3/30886 _pМОЭ 45165 _t1 |
||
| 852 |
_aNLR _bМ _jК-3/30886а _pМОЭ 45165 _t2 |
||
| 942 | _cSCORE | ||
| 980 | _aNB | ||
| 980 | _aONIZ | ||